Communities and conservation histories and politics of community-based natural resource management (Registro nro. 73498)

Detalles MARC
000 -ENCABEZADO
Número de control [NR] 01198nam a2200253Ia 4500
005 - FECHA Y HORA DE LA ÚLTIMA TRANSACCIÓN
control field 20240223145306.0
008 - DE LONGITUD FIJA DE DATOS DE ELEMENTOS - INFORMACIÓN GENERAL
Elementos de longitud fija [NR] 130821s2005 xxua gr eng
020 ## - NUMERO INTERNACIONAL NORMALIZADO PARA LIBROS [R]
Número Internacional Normalizado del libro [NR] 0759105057
020 ## - NUMERO INTERNACIONAL NORMALIZADO PARA LIBROS [R]
Número Internacional Normalizado del libro [NR] 0759105065
040 ## - FUENTE DE CATALOGACION [NR]
Agencia de catalogación original [NR] Co-BoUCM
Idioma de catalogación [NR] spa
Quien Cataloga David Moreno (modificó)
Quien Clasifica David Moreno (modificó)
041 00 - CODIGO DE IDIOMA [R]
Código de idioma para texto/pista de sonido o título separado [R] Inglés
245 10 - MENCION DE TITULO [NR]
Título [NR] Communities and conservation histories and politics of community-based natural resource management
Mención de responsabilidad, etc. [NR] J. Peter Brosius, Anna Lowenhaupt Tsing yCharles Zerner, editores
260 ## - PUBLICACION, DISTRIBUCION, ETC. (PIE DE IMPRENTA) [R]
Lugar de publicación, distribución, etc. [R] Walnut Creek (California, Estados Unidos)
Nombre del editor, distribuidor, etc. [R] AltaMira Press
Fecha de publicación, distribución, etc. [R] 2005
300 ## - DESCRIPCION FISICA [R]
Extensión [R] ix, 489 Páginas
Otros detalles físicos [NR] ilustraciones
490 #0 - MENCION DE SERIE [R]
Mención de serie [R] Globalization and the Environment
650 17 - ASIENTO SECUNDARIO DE MATERIA - TERMINO TEMATICO [R]
Término temático o nombre geográfico como elemento de entrada [NR] Conservación de los recursos naturales
Subdivisión general [R] Participación ciudadana
-- Accion comunitaria
9 (RLIN) 11659
650 17 - ASIENTO SECUNDARIO DE MATERIA - TERMINO TEMATICO [R]
Término temático o nombre geográfico como elemento de entrada [NR] Recursos naturales
9 (RLIN) 16402
Subdivisión general [R] Participación ciudadana
-- Gestión
700 1# - ASIENTO SECUNDARIO - NOMBRE PERSONAL [R]
Nombre personal [NR] Brosius, J. Peter
9 (RLIN) 168623
700 1# - ASIENTO SECUNDARIO - NOMBRE PERSONAL [R]
Nombre personal [NR] Tsing, Anna Lowenhaupt
9 (RLIN) 168624
700 1# - ASIENTO SECUNDARIO - NOMBRE PERSONAL [R]
Nombre personal [NR] Zerner, Charles
9 (RLIN) 168625
856 41 - LOCALIZACION Y ACCESO ELECTRONICOS [R]
Nota dirigida al público [R] Consulte la tabla de contenido haciendo clic aquí.
Identificador Uniforme del Recurso (“URI”) [R] <a href="http://www.loc.gov/catdir/toc/ecip051/2004022202.html">http://www.loc.gov/catdir/toc/ecip051/2004022202.html</a>
942 ## - ELEMENTOS DE ENTRADA AGREGADOS (KOHA)
Tipo de ítem principal el descrito en 300a Libro
Tema principal Economía
Edición 1
Parte restante de la signatura top. C734c
Sistema de clasificación DEWEY
Clasificación 333.72
Título oculto en OPAC No
Existencias
Fecha de último préstamo Total préstamos Total Renewals Signatura topográfica Código de barras Última vez visto Ejemplar Price effective from Tipo de ítem Perdido Sistema de clasificación Dañado No prestable Tipo de ítem específico Suprimido Ubicación habitual Ubicación actual Localización Fecha de creación Forma de adquisición Costo
26/04/2022 19 8 333.72 C734c 100114493 03/12/2025 Ej.1 03/02/2013 Libro   DEWEY     Libro   Claustro Claustro 4to piso 30/09/2011 Compra 124000.00